书目信息 |
| 题名: |
体育运动与力学
|
|
| 作者: | 苏品 编 | |
| 分册: | ||
| 出版信息: | 北京 人民体育出版社 1981 |
|
| 页数: | 178页 | |
| 开本: | 19cm | |
| 丛书名: | ||
| 单 册: | ||
| 中图分类: | G80-05 | |
| 科图分类: | ||
| 主题词: | 体育理论 , 运动生物力学 | |
| 电子资源: | ||
| ISBN: | ||
| 000 | 00636nam0 2200241 45 | |
| 001 | 0181009223 | |
| 005 | 20060817145957.79 | |
| 010 | @dCNY0.48 | |
| 091 | @a7015.1922 | |
| 100 | @a19950424d1981 em y0chiy0121 ea | |
| 101 | 0 | @achi |
| 102 | @aCN@b110000 | |
| 105 | @ay 000yy | |
| 200 | 10 | @a体育运动与力学@Ati yu yun dong yu li xue@f苏品等主编@FSu Pin Deng Zhu Bian |
| 210 | @a北京@c人民体育出版社@d1981 | |
| 215 | @a178页@d19cm | |
| 606 | 0 | @a体育理论 |
| 606 | @a运动生物力学 | |
| 690 | @aG80-05@v4 | |
| 701 | 0 | @a苏品@Asu pin@4编 |
| 801 | 2 | @aCN@bNLC@c20060817 |
| 801 | 0 | @aCN@b上海图书馆@c20060607 |
| 905 | @dG80-05@e14 | |
| 体育运动与力学/苏品等主编.-北京:人民体育出版社,1981 |
| 178页;19cm |
| ISBN :CNY0.48 |
| ● |
| 相关链接 |
|
|
|
|
正题名:体育运动与力学
索取号:G80-05/14
 
预约/预借
| 序号 | 登录号 | 条形码 | 馆藏地/架位号 | 状态 | 备注 |
| 1 | 0063474 | 000998549 | 第一样本阅览室/ [索取号:G80-05/14] | 在馆 | |
| 2 | 0063475 | 000998558 | 密集书库/ [索取号:G80-05/14] | 在馆 | |
| 3 | 0420716 | 204207161 | 密集书库/ [索取号:G80-05/14] | 在馆 | |
| 4 | 0420854 | 204208543 | 密集书库/ [索取号:G80-05/14] | 在馆 | |
| 5 | 0465366 | 204653669 | 密集书库/ [索取号:G80-05/14] | 在馆 |